| 000 | 00577nam a2200217Ia 4500 | ||
|---|---|---|---|
| 003 | OSt | ||
| 005 | 20220107122736.0 | ||
| 008 | 130318s9999 xx 000 0 und d | ||
| 020 | _a8129700603 | ||
| 040 | _cIIITM-K | ||
| 082 | _a658.31124 THO/W;1 | ||
| 100 |
_aThorphe, Edgar _94131 |
||
| 245 |
_aWinning at interviews _cby Edgar Thorpe; Showick Thorpe |
||
| 250 | _a5th ed. | ||
| 260 |
_bPearson, _aNew Delhi, _c2013. |
||
| 300 | _axii, 276p. | ||
| 650 |
_aMANAGEMENT _94132 |
||
| 650 |
_aPERSONNAL MANAGEMENT _94133 |
||
| 700 |
_aThorpe, Showick _94134 |
||
| 942 |
_2ddc _cBK |
||
| 999 |
_c3847 _d3847 |
||